000 00692nam a2200121Ia 4500
008 220620s9999||||xx |||||||||||||| ||und||
245 0 _aTotalitarian Communication
_bHierarchies, Codes and Messages
546 _aEnglish[eng]
650 _aSociology||Totalitarianism||Communication||Discourse||Media||Europe 1900-1945||Society||Sociology of Media||History of the 20th Century||Media Aesthetics||European History||Sociology
700 _aPostoutenko, Kirill
856 _uhttps://library.oapen.org/bitstream/20.500.12657/25375/1/1004721.pdf||https://library.oapen.org/bitstream/20.500.12657/25375/1/1004721.pdf||https://library.oapen.org/bitstream/20.500.12657/25375/1/1004721.pdf
942 _cEB
999 _c33819
_d33819